Una discusin̤ sobre derechos colectivos

Bibliographic Details
Corporate Author: Universidad Carlos III de Madrid. Instituto de Derechos Humanos "Bartolom ̌de las Casas"
Other Authors: Lp̤ez Calera,Nicols̀ Mara̕
Format: Unknown
Language:Spanish
Published: Madrid : Dykinson, 2003
Subjects:
Online Access:Acceso restringido

MARC

LEADER 00000ny a22000003n 4500
005 20110620142118.0
008 020305s2003 sp f 000 0 spa c
017 |a D.L.Se.9-2002 
020 |a 9788481558579 
035 |a 150 
040 |a SpMaUCDE  |d vLex 
080 |a 342.7(042) 
090 |c 891  |d 891 
245 0 4 |a Una discusin̤ sobre derechos colectivos  |h [Recurso electrn̤ico]  |c Fco. Javier Ansut̀egui Roig (ed.) ; Nicols̀ M. Lp̤ez Calera...[et al.] 
256 |a Servicio en ln̕ea 
260 |a Madrid :  |b Dykinson,  |c 2003 
300 |a p.;  |c 22 cm 
500 |a En la port.: Intituto de Derechos Humanos "Bartolom ̌de las Casas", Universidad Carlos III de Madrid 
506 1 |a Contenido solo disponible en los productos indicados  |d vLex Global  |d vLex Global (Academic Edition, excluding Law Schools)  |d vLex Global (U.S. Academic Edition, Law Schools)  |d vLex Global (U.S. Academic Edition, excluding Law Schools)  |d vLex Global (Academic Edition, Law Schools) 
650 0 7 |2 Tesauro vLex  |a Derecho internacional 
650 0 7 |2 Tesauro vLex  |a Civil 
650 0 7 |2 Tesauro vLex  |a Derechos colectivos 
700 1 |a Lp̤ez Calera,Nicols̀ Mara̕. 
710 1 |a Universidad Carlos III de Madrid.  |b Instituto de Derechos Humanos "Bartolom ̌de las Casas". 
740 0 |a vLex Libros (Servicios en ln̕ea) 
856 4 0 |z Acceso restringido  |u http://vlex.com/source/150 
942 |c BOOK 
999 0 |a Madrid  |b International Law